3024-奈良市(奈良県)の駅 - Statistics

General Stats
  • This quiz has been taken 19 times
  • The average score is 12 of 15
Answer Stats
Answer % Correct
奈良
100%
大和西大寺
100%
学園前
94%
新大宮
94%
近鉄奈良
94%
平城
83%
学研奈良登美ヶ丘
83%
京終
78%
富雄
78%
菖蒲池
78%
高の原
78%
平城山
72%
西ノ京
72%
尼ヶ辻
67%
帯解
56%
No matching quizzes found
Score Distribution
Percent of People with Each Score
Percentile by Number Answered
Your Score History
You have not taken this quiz